stare flagi państw - Statystyki

Ogólne statystyki
  • Ten quiz został rozwiązany 165 razy
    152 od ostatniego zresetowania
  • Średni wynik to 19 z 23
Statystyki odpowiedzi
Obrazkowy Odpowiedź % Poprawnych
Cesarstwo Niemieckie
100%
Imperium Hiszpańskie
96%
Związek Radziecki
95%
Austro-Węgry
93%
Imperium Osmańskie
92%
Imperium Koreańskie
91%
Imperium Meksyku
91%
Królestwo Włoch
91%
Stany Zjednoczone
91%
Królestwo Portugali
90%
Cesarstwo Japońskie
89%
Dynastia Qing
88%
Królestwo Francji
88%
Cesarstwo Rzymskie
86%
Węgry
85%
Imperium Hiszpańskie
80%
Persja
74%
Republika Południowej Afryki
73%
Kanada
71%
Czarnogóra
62%
Etiopia
58%
Syjam
54%
Święte Cesarstwo Rzymskie
52%
Nie znaleziono quizów pasujących do podanych kryteriów
Rozkład punktacji
Procent ludzi z każdym wynikiem
Percentyl według liczby udzielonych odpowiedzi
Twoja historia wyników
Nie rozwiązałeś tego quizu od ostatniego zresetowania